000 01343cas a22003857a 4500
005 20220329142053.0
008 990525d us zr pernn 0 1b1eng d
010 _a77963
011 _a78935
035 _a89044
245 0 4 _aBiological Abstracts :
_bSection D. Plant Sciences
_c/by W. B. Saunders Company
260 0 _aPhiladelphia, Pa. :
_bW. B. Saunders Company,
_c1927-
300 _av.
310 _aMensual, excepto quincenal en Diciembre
362 1 _av.40, 1962
590 _aBATCH-UPD
_b10
_c20130110
_lUCH01
_h0813
590 _aBATCH-UPD
_b10
_c20130410
_lUCH01
_h0450
590 _aBATCH-UPD
_b10
_c20130914
_lUCH01
_h0634
590 _aCONVERSION
_b10
_c20130109
_lUCH01
_h1343
650 1 4 _aBiología
_xResúmenes
_xPublicaciones periódicas.
_912801
650 1 4 _aPlantas
_xInvestigación.
_988845
866 _av.14 n.1-10 (1940)
866 _av.15 n.1-8,10 (1941)
866 _av.17 n.1-v.18 n.7 (1943-1944)
866 _av.20 n.1-10 (1946)
866 _av.22 n.1-v.23 n.10 (1948-1949)
866 _av.25 n.1-v.27 n.6 (1951-1953)
866 _av.34 n.5 (1959)
866 _av.35 n.1-11,16,18 (1960)
866 _av.37 n.1-6 (1962)
866 _av.38 n.1-2 (1962)
866 _av.40 n.4-6 (1962)
901 _aSE
905 _aMarco A. Mendoza T.
999 _c77963
_d77963